[Event "EU-ch U18 Girls 26th"]
[Site "Prague"]
[Date "2016.08.21"]
[Round "4"]
[White "Pychova, Nela"]
[Black "Kyrkjebo, Marte Bakken"]
[Result "1-0"]
[WhiteElo "2072"]
[BlackElo "1866"]
[PlyCount "101"]
[EventDate "2016.08.18"]
[EventType "swiss"]
[EventRounds "9"]
[EventCountry "CZE"]
[SourceTitle "CBM 174 Extra"]
[Source "ChessBase"]
[SourceDate "2016.10.10"]
[SourceVersion "1"]
[SourceVersionDate "2016.10.10"]
[SourceQuality "1"]

1. d4 d5 2. c4 c6 3. cxd5 cxd5 4. Nc3 Nf6 5. Bf4 e6 6. e3 Bd6 7. Bxd6 Qxd6 8. f4 Nc6 9. Bd3 0-0 10. Nf3 b6 11. a3 Bb7 12. Ne5 Rfc8 13. Qf3 Ne7 14. 0-0 Ng6 15. g3 Qe7 16. h4 Nd7 17. Nxd7 Qxd7 18. f5 Nf8 19. f6 Qe8 20. fxg7 Ng6 21. h5 Ne7 22. Qf6 Nf5 23. Rf3 Qd7 24. Bxf5 exf5 25. Rxf5 Rc7 26. Raf1 Re8 27. Qg5 Qe6 28. Re5 Qd7 29. h6 Rxe5 30. Qxe5 Rc8 31. Qf4 Qe6 32. Rf3 Re8 33. Nb5 Qd7 34. Nd6 Re7 35. Nf5 Re8 36. Qd6 Qxd6 37. Nxd6 Re7 38. Nxb7 Rxb7 39. Rf6 Rd7 40. Kf2 Rd8 41. Kf3 b5 42. e4 dxe4+ 43. Kxe4 a5 44. Rc6 b4 45. d5 f5+ 46. Ke5 Kf7 47. Rf6+ Kg8 48. Rf8+ Rxf8 49. gxf8Q+ Kxf8 50. Kd6 Ke8 51. Kc7 1-0

[Event "EU-ch U18 Girls 26th"]
[Site "Prague"]
[Date "2016.08.19"]
[Round "2"]
[White "Pokorna, Jana"]
[Black "Kyrkjebo, Marte Bakken"]
[Result "0-1"]
[WhiteElo "1630"]
[BlackElo "1866"]
[PlyCount "120"]
[EventDate "2016.08.18"]
[EventType "swiss"]
[EventRounds "9"]
[EventCountry "CZE"]
[SourceTitle "CBM 174 Extra"]
[Source "ChessBase"]
[SourceDate "2016.10.10"]
[SourceVersion "1"]
[SourceVersionDate "2016.10.10"]
[SourceQuality "1"]

1. e4 e5 2. Nf3 Nc6 3. d4 exd4 4. Nxd4 Bc5 5. Be3 Qf6 6. c3 Nge7 7. Qd2 0-0 8. Nxc6 Qxc6 9. Bxc5 Qxc5 10. Qd4 Qc6 11. Nd2 d5 12. Be2 Be6 13. 0-0 Rad8 14. Rad1 dxe4 15. Qxe4 Qxe4 16. Nxe4 Bxa2 17. Rxd8 Rxd8 18. Rd1 Rxd1+ 19. Bxd1 Bd5 20. Nd2 Nf5 21. g3 Nd6 22. Kf1 Nc4 23. Nxc4 Bxc4+ 24. Ke1 Kf8 25. Kd2 Ke7 26. Ke3 Kd6 27. Kd4 Be6 28. Bc2 h6 29. Bd1 c5+ 30. Ke4 Bd5+ 31. Ke3 b5 32. Be2 Kc6 33. Bd1 a5 34. Kd3 Bc4+ 35. Ke3 b4 36. cxb4 cxb4 37. b3 Be6 38. Kd4 Kb5 39. Be2+ Kb6 40. Bd1 Kc6 41. Bf3+ Kb6 42. Bd1 a4 43. bxa4 Ka5 44. Kd3 b3 45. Kc3 Kxa4 46. Kb2 Kb4 47. Be2 Kc5 48. Kc3 Kd6 49. Bd1 Ke5 50. f3 Bd5 51. Bxb3 Bxb3 52. Kxb3 Kd4 53. Kc2 Ke3 54. f4 Kf3 55. Kd2 Kg2 56. Ke2 Kxh2 57. Kf3 Kh3 58. Kf2 Kg4 59. Kg2 h5 60. Kh2 h4 0-1